000 00380nam a2200145Ia 4500
008 240624s9999 xx 000 0 und d
041 _aeng
082 _a302.35 WHI
100 _aWHITLEY BERNARD E
245 _aPRINCIPLES OF RESEARCH IN BEHAVIORAL SCI
250 _a(3rd ed.)
260 _c2015
_aNew Delhi
_bRoutledge
300 _axx, : 754 : p. : cm. ; 24
365 _cRS
_b31
999 _c26846
_d26846